=LDR 00000nam 2200000 4500 =001 NUTBA000000000001826 =005 20140521093223.0 =006 =007 =008 =020 ##$$a 978-979-29-1626-3 =035 ##$$a 0010-051400000000291 =040 ##$$a NBPDMAT =082 ##$$a 631.584 =090 ##$$a 631.584 $b Mes b =100 ##$$a Mesak Tombe =245 ##$$a Bertani organik dengan teknologi bio FOB / $c Prof.Dr.Mesak Tombe, Hendra Sipayung SP, MM =250 ##$$a Ed. 1 =260 ##$$a Yogyakarta : $b Andi, $c 2013 =300 ##$$a vi, 122 hlm. : $b ilus. ; $c 21 cm. =500 ##$$a Bibliografi : hlm. 117-118 =650 ##$$a Pertanian - Organik =700 ##$$a Hendra Sipayung =850 ##$$a NBPDMAT =990 ##$$a 21400277 =990 ##$$a 21400613/BPAP-NTB/20142014 =990 ##$$a 21400613/BPAP-NTB/20142014 =990 ##$$a 21400613/BPAP-NTB/20142014 =990 ##$$a 21400613/BPAP-NTB/20142014 =990 ##$$a 21400613/BPAP-NTB/20142014 =990 ##$$a 21400613/BPAP-NTB/20142014 =990 ##$$a 21400613/BPAP-NTB/20142014